000 00366 a2200157 4500
001 71978
020 _a8508069324
040 _cAnchieta - Colégio São Paulo
100 _aMachado, Ana Maria
240 1 0 _aO pavão do abre-e-fecha
_lpor
245 1 0 _aO pavão do abre-e-fecha
300 _a[24]
362 0 _a1999
650 4 _aLiteratura infantil
942 _cBK
999 _c71978
_d71978